| 000 | 00689nam a2200193 a 4500 | ||
|---|---|---|---|
| 005 | 20210223120700.0 | ||
| 008 | 991125s1965 mx 000 0 spa u | ||
| 035 | _aUPN01000005384 | ||
| 049 | _aCG | ||
| 050 | 4 |
_aF2041 _bI6.2 |
|
| 110 | 2 |
_aInstituto Panamericano de Geografía e Historia. _bComisión de Historia |
|
| 245 | 1 | 0 |
_aBarbados guía de los documentos : _bmicrofotografiados por la unidad móvil de microfilm de la UNESCO / _cInstituto Panamericano de Geografía e Historia, Comisión de Historia. |
| 260 |
_aMéxico : _bIPGH, _c1965. |
||
| 300 | _a141 p. | ||
| 651 | 4 |
_aBARBADOS _91298 |
|
| 650 | 4 |
_aCATALOGOS _96495 |
|
| 650 | 4 |
_aDOCUMENTOS EN MICROFILM _915284 |
|
| 905 | _aLibro | ||
| 999 |
_c5384 _d5384 |
||